Environmentálne konanie a jeho etablácia v cestovnom ruchu

Ekoturizmus ako nový produkt dáva možnosti nielen turistom, ale aj životnému prostrediu na trvaloudržateľný rozvoj po environmentálnej stránke. Tržby tohto produktu medziročne rastú aj tým, že ľudstvo si už uvedomuje dôsledky necitlivých zásahov človeka do prírody a krajiny. Nevyhnutnosť environment...

Descrizione completa

Salvato in:
Dettagli Bibliografici
Autore principale: Matušíková, Daniela
Natura: Capitolo di libro
Lingua:slovacco
Soggetti:
Tags: Aggiungi Tag
Nessun Tag, puoi essere il primo ad aggiungerne!!

MARC

LEADER 00000nla$a2200000$$$4500
001 0077890
005 20220801085328.6
041 0 |a slo 
044 |a CZ 
245 1 0 |a Environmentálne konanie a jeho etablácia v cestovnom ruchu  |c Daniela Matušíková 
520 |a Ekoturizmus ako nový produkt dáva možnosti nielen turistom, ale aj životnému prostrediu na trvaloudržateľný rozvoj po environmentálnej stránke. Tržby tohto produktu medziročne rastú aj tým, že ľudstvo si už uvedomuje dôsledky necitlivých zásahov človeka do prírody a krajiny. Nevyhnutnosť environmentálnej reštrukturalizácie ekonomiky na báze ekoprincípov. 
610 2 0 |a ruch cestovný 
610 2 0 |a turistika 
610 2 0 |a ochrana prostredia životného 
610 2 0 |a manažment 
610 2 0 |a Slovensko 
100 1 |a Matušíková, Daniela